Los papeles de Picasso
Saved in:
| Hovedforfatter: | |
|---|---|
| Format: | Bog |
| Sprog: | spansk |
| Udgivet: |
Barcelona
Gedisa
1999
|
| Udgivelse: | 1a. ed |
| Serier: | Estética. Crítica de Arte
|
| Fag: | |
| Tags: |
Tilføj Tag
Ingen Tags, Vær først til at tagge denne postø!
|
MARC
| LEADER | 00000cam a2200000 a 4500 | ||
|---|---|---|---|
| 001 | UCF1931 | ||
| 003 | CL-VaPUC | ||
| 008 | 120802e19991000SP |||||||||||||||||spa|d | ||
| 020 | |a 8474327881 | ||
| 082 | 0 | 4 | |a 750.1 |b KRA |2 21 |
| 100 | |a Krauss, Rosalind E |e autora |9 579175 | ||
| 245 | 1 | 4 | |a Los papeles de Picasso |
| 250 | |a 1a. ed | ||
| 300 | |a 237 p | ||
| 942 | |c BK | ||
| 945 | |d 20120802 00:00:00 |a dcastane | ||
| 260 | |a Barcelona |b Gedisa |c 1999 | ||
| 600 | 0 | 7 | |a PICASSO, PABLO |2 CL-VaPUC |9 265273 |
| 650 | 0 | |a Arte |v Filosofía |9 265049 | |
| 650 | 0 | |a Crítica e interpretación |9 255042 | |
| 650 | 0 | |a Estética |9 264950 | |
| 583 | |a last modification |c 20120802 10:35:00 |k Rodrigo Vera | ||
| 490 | 0 | |a Estética. Crítica de Arte | |
| 999 | |c 348616 |d 348614 | ||
| 952 | |0 0 |1 0 |4 0 |6 750_100000000000000_KRA_1999 |7 0 |8 R |9 450733 |a BIBART |b BIBART |d 2019-11-22 |i 4883519 |o 750.1 KRA 1999 |p 4883519 |r 2025-03-13 |w 2019-11-22 |y BK_R |k ART | ||